000 00656nam a22002297a 4500
005 20251108173556.0
008 250721s2007 xx 000 0 ara d
020 _a9774082052
082 1 4 _aط/551.48/بار
100 1 _aباركر، ستيف
_eمؤلف
245 1 0 _aالماء /
246 1 1 _awater
264 1 _aالقاهره :
_bدار الفاروق،
_c2007.
300 _a31ص
490 0 _aسلسلة تبسيط العلوم للأطفال
650 1 7 _aالمياه
650 1 7 _aالغلاف المائي
650 1 7 _aالتجارب
653 _aمرحله متوسطه (6-9)سنوات
942 _2ddc
_cBK
999 _c107233
_d107233